000 00861nam a22002777a 4500
008 240821b mp ||||| |||| 00| 0 mon d
020 _a978-999783-1-589-2
035 _a9112
040 _aDXO45059
_bmon
_cMN-UlNLM
_dMN-UlNLM
_erda
041 _amon
082 _210-t
_a860
_bМ-263
100 _aМаркес . Г. Г
245 0 _aТахлын үеийн дурлал
245 0 _b0
245 0 _cОрч: Н. Жавхлан., Б. Нямдорж
250 _a1
264 _aУБ
_bАдмон принт ХХК
_c2019
300 _a480хх.
336 _2rdacontent
_atext
_btxt
337 _2rdamedia
_aunmediated
_bn
338 _2rdacarrier
_avolume
_bnc
505 _tТахлын үеийн дурлал; Габриель Гарсиа Маркес; 0; 0; 0
650 _aBook & Coffee
942 _210-t
_cBK
999 _c1133921
_d1133978